00687 2200169 4500245003600000020002200036250001000058100002200068650001000090005001900100260004500119041001400164084001300178300002000191500029700211336000900508 aLettercTachibana HiguchihText a978-602-02-9816-0 aCet.1 aTachibana Higuchi aKomik a20250131105934 aJakarta PusatbEle Media Kompuindoc2014 aIndonesia a741.5592 ailust. :c18 cm aSatsuki dan mei adalah kakak-adik yang terpisah karena kedua orangtua mereka bercerai. Satsuki sangat membenci Mei yang memiliki sifat bertentangan dengannya dan menolak hubungan persaudaraan mereka. Meski begitu, ibunya terus memaksa Satsuki untuk tetap berhubungan dengan Mei melalui surat. atext